| 000 | 00499nam a2200193Ia 4500 | ||
|---|---|---|---|
| 003 | OSt | ||
| 005 | 20250405103353.0 | ||
| 008 | 210210b1989 xxu||||| |||| 00| 0 eng d | ||
| 040 | _cAL | ||
| 041 | _aEnglish | ||
| 082 | _a500 FLAF | ||
| 100 |
_aFLANAGAN (Dennis). _9207549 |
||
| 245 | _aFlanagan's version: a spectator's guide to science on the eve of the 21st century. | ||
| 260 |
_aND _bEWP _c1989 |
||
| 300 | _ax,272 | ||
| 690 |
_aPure Sciences _9207550 |
||
| 906 | _a043772 | ||
| 942 |
_2ddc _cBK |
||
| 999 |
_c93194 _d93194 |
||